00541nam a2200169Ia 4500008004100000020001800041041000800059082001600067100001700083245002000100250000600120260006200126300000700188650002500195999001900220952013200239210716s2019 xx 000 0 und d a9789352138883 aeng a004.69 SINA aSingh, Ajit. aEdge computing. a1 aMumbaibShroff Publishers and Distributors Pvt Ltdc2019 a89 aInternet / Mutimedia c197105d197105 001040708MCAaAIMITbAIMITeShroff Publishersg225.00l0o004.69 SINApMCA16620r2025-07-21 00:00:00v168.75w2021-07-16yBK